Logo Biblioteca

Romeo y Julieta / (Registro nro. 853)

Detalles MARC
000 -LEADER
fixed length control field 01121nam a2200229 a 4500
003 - CONTROL NUMBER IDENTIFIER
control field AR-RoUNCS
005 - DATE AND TIME OF LATEST TRANSACTION
control field 20251216152743.0
008 - FIXED-LENGTH DATA ELEMENTS--GENERAL INFORMATION
fixed length control field 250805s2018 ag gr 001 d spa
020 ## - INTERNATIONAL STANDARD BOOK NUMBER
International Standard Book Number 978-84-662-3775-8
040 ## - CATALOGING SOURCE
Original cataloging agency AR-BaBN
Language of cataloging spa
Transcribing agency AR-RoUNCS
Description conventions aacr
080 1# - UNIVERSAL DECIMAL CLASSIFICATION NUMBER
Universal Decimal Classification number 82-21(41)
Edition identifier 2016
100 1# - MAIN ENTRY--PERSONAL NAME
Personal name Shakespeare, William,
Dates associated with a name 1564-1616
Relator term autor
Relationship aut
245 10 - TITLE STATEMENT
Title Romeo y Julieta /
Statement of responsibility, etc. William Shakespeare.
250 ## - EDITION STATEMENT
Edition statement 1a ed.
260 ## - PUBLICATION, DISTRIBUTION, ETC.
Place of publication, distribution, etc. Madrid :
Name of publisher, distributor, etc. Editorial Libsa,
Date of publication, distribution, etc. 2018.
300 ## - PHYSICAL DESCRIPTION
Extent 159 p. ;
Dimensions 18 cm.
520 3# - SUMMARY, ETC.
Summary, etc. La fatalidad que persiguen a los amantes y su trágico final hizo de "Romeo y Julieta" una de las obras más populares de William Shakespeare, quizás la más magistral, la que sigue representando con el mismo entusiasmo que cuando se estrenó. Su habilidad para pasar de la comedia inicial a la definitiva tragedia manteniendo en tensión al lector era ya el indicio de de que su fama perduraría en el tiempo como un tratado del amor romántico y de sus funestas consecuencias (Nota del editor).
650 #4 - SUBJECT ADDED ENTRY--TOPICAL TERM
Topical term or geographic name entry element Tragedia inglesa
650 #4 - SUBJECT ADDED ENTRY--TOPICAL TERM
Topical term or geographic name entry element Literatura inglesa
655 #4 - INDEX TERM--GENRE/FORM
Genre/form data or focus term Teatro
942 ## - ADDED ENTRY ELEMENTS (KOHA)
Source of classification or shelving scheme Universal Decimal Classification
Koha item type Libro de préstamo a domicilio
Suppress in OPAC No
Existencias
Withdrawn status Lost status Source of classification or shelving scheme Damaged status Not for loan Collection Home library Current library Date acquired Source of acquisition Total checkouts Full call number Barcode Date last seen Price effective from Koha item type
    Universal Decimal Classification     Colección General Biblioteca Escuela de Ciencias Sociales Biblioteca Escuela de Ciencias Sociales 16/12/2025 Donación 2023   82-21(41) SH527 000152 16/12/2025 16/12/2025 Libro de préstamo a domicilio
Biblioteca de la Escuela Preuniversitaria en Ciencias Sociales y Humanísticas.
Riobamba 250 bis.
CP 2000 - Rosario - Santa Fe
E-Mail: biblioteca@esociales.unr.edu.ar